| 000 | 00358nam a2200145Ia 4500 | ||
|---|---|---|---|
| 005 | 20251222140101.0 | ||
| 008 | 251222s1900||||xx |||||||||||||| ||spa|| | ||
| 020 | _a8479661968 | ||
| 082 | _a271.125/O44 | ||
| 100 | _aOlivera, Bernardo Dom. | ||
| 245 | 0 | _aMartirio y Consagración: | |
| 250 | _a1ra. ed. | ||
| 264 | _bPublicaciones Claretianas | ||
| 942 | _cLIB | ||
| 999 |
_c3926 _d3926 |
||